[Event "Titled Tuesday intern op 06th Sep Late"]
[Site "Chess.com INT"]
[Date "2022.09.06"]
[Round "1"]
[White "Carbone, Diego"]
[Black "Hullahalli, Adarsh"]
[Result "1-0"]
[WhiteElo "2314"]
[BlackElo "1902"]
[PlyCount "65"]
[EventDate "2022.09.06"]
[EventType "swiss (blitz)"]
[EventRounds "11"]
[EventCountry "USA"]
[SourceTitle "EXT 2023"]
[Source "ChessBase"]
[SourceDate "2022.10.05"]
[SourceVersion "1"]
[SourceVersionDate "2022.10.05"]
[SourceQuality "1"]

1. d4 Nf6 2. c4 g6 3. g3 Bg7 4. Bg2 d5 5. cxd5 Nxd5 6. Nf3 0-0 7. 0-0 Bf5 8. Nc3 Nxc3 9. bxc3 Be4 10. Bf4 Nc6 11. Qa4 h6 12. Rfd1 g5 13. Be3 Qd5 14. c4 Qa5 15. Qb3 Qf5 16. Rac1 Na5 17. Qa4 b6 18. h4 Bf6 19. hxg5 hxg5 20. Nd2 Bxg2 21. Kxg2 Kg7 22. Rh1 Rh8 23. Rxh8 Rxh8 24. Rh1 Rxh1 25. Kxh1 Kg6 26. Kg2 e5 27. d5 Bg7 28. Qe8 Qc2 29. Qe7 Bf6 30. Qxc7 Qxa2 31. d6 Nb3 32. Ne4 a5 33. d7 1-0

[Event "Titled Tuesday intern op 18th Jan"]
[Site "Chess.com INT"]
[Date "2022.01.18"]
[Round "5"]
[White "Hullahalli, Adarsh"]
[Black "Polaczek, Richard"]
[Result "0-1"]
[WhiteElo "1910"]
[BlackElo "2360"]
[PlyCount "76"]
[EventDate "2022.01.18"]
[EventType "swiss (blitz)"]
[EventRounds "11"]
[EventCountry "USA"]
[SourceTitle "CBM 206 Extra"]
[Source "ChessBase"]
[SourceDate "2022.03.31"]
[SourceVersion "1"]
[SourceVersionDate "2022.03.31"]
[SourceQuality "1"]

1. e4 Nf6 2. e5 Nd5 3. d4 d6 4. exd6 cxd6 5. c4 Nb6 6. h3 g6 7. Nf3 Bg7 8. Nc3 0-0 9. Be3 Nc6 10. Bd3 d5 11. cxd5 Nxd5 12. Be4 Nxe3 13. fxe3 e5 14. d5 Ne7 15. 0-0 f5 16. Bc2 Qb6 17. d6 Nc6 18. Nd5 Qxb2 19. Bb3 Kh8 20. Qe1 Be6 21. Ng5 Bxd5 22. Bxd5 Rad8 23. Qh4 h6 24. Nf7+ Rxf7 25. Bxf7 Rxd6 26. Rad1 Qa3 27. Bb3 Kh7 28. Qc4 h5 29. Qg8+ Kh6 30. Rxd6 Qxd6 31. Rd1 Qc5 32. Qd5 Qxe3+ 33. Kh1 e4 34. Qf7 Be5 35. Qf8+ Kg5 36. Rf1 Qg3 37. h4+ Kxh4 38. Rf3 Qh2# 0-1

[Event "Titled Tuesday intern op 18th Jan"]
[Site "Chess.com INT"]
[Date "2022.01.18"]
[Round "6"]
[White "Manukian, Artak"]
[Black "Hullahalli, Adarsh"]
[Result "1-0"]
[WhiteElo "2196"]
[BlackElo "1910"]
[PlyCount "109"]
[EventDate "2022.01.18"]
[EventType "swiss (blitz)"]
[EventRounds "11"]
[EventCountry "USA"]
[SourceTitle "CBM 206 Extra"]
[Source "ChessBase"]
[SourceDate "2022.03.31"]
[SourceVersion "1"]
[SourceVersionDate "2022.03.31"]
[SourceQuality "1"]

1. e4 c5 2. Nf3 d6 3. Bb5+ Bd7 4. Bxd7+ Qxd7 5. c4 Nc6 6. Nc3 Nf6 7. d4 cxd4 8. Nxd4 g6 9. f3 Bg7 10. Be3 0-0 11. 0-0 Rfc8 12. b3 Qd8 13. Qd2 Qa5 14. Rfd1 a6 15. a4 Nxd4 16. Bxd4 Qb4 17. Rab1 Rc7 18. Kf1 Rac8 19. Bxf6 Bxf6 20. Nd5 Qxd2 21. Nxf6+ Kg7 22. Nh5+ Kh6 23. Rxd2 Kxh5 24. Rd5+ Kh6 25. e5 dxe5 26. Rxe5 Rd8 27. Rbe1 e6 28. R5e3 Rcd7 29. Rc3 Rd3 30. Rec1 Rxc3 31. Rxc3 Rd2 32. b4 Rb2 33. b5 axb5 34. axb5 Kg5 35. Rd3 Rc2 36. Rd7 b6 37. Rxf7 Rxc4 38. Rxh7 Rc5 39. h4+ Kf6 40. g4 Rxb5 41. g5+ Ke5 42. Kg2 Rb4 43. Kg3 b5 44. Rg7 Kf5 45. Rf7+ Ke5 46. Rf6 Rc4 47. Rxg6 b4 48. Rg8 b3 49. Rb8 Rc3 50. Rb5+ Kd6 51. g6 Ke7 52. Rb7+ Kf8 53. h5 e5 54. h6 Kg8 55. Rb8+ 1-0

[Event "Titled Tuesday intern op 18th Jan"]
[Site "Chess.com INT"]
[Date "2022.01.18"]
[Round "3"]
[White "Sliwicki, Damian"]
[Black "Hullahalli, Adarsh"]
[Result "0-1"]
[WhiteElo "2168"]
[BlackElo "1910"]
[PlyCount "115"]
[EventDate "2022.01.18"]
[EventType "swiss (blitz)"]
[EventRounds "11"]
[EventCountry "USA"]
[SourceTitle "CBM 206 Extra"]
[Source "ChessBase"]
[SourceDate "2022.03.31"]
[SourceVersion "1"]
[SourceVersionDate "2022.03.31"]
[SourceQuality "1"]

1. e4 c5 2. Nf3 d6 3. d4 cxd4 4. Qxd4 Nc6 5. Bb5 Bd7 6. Bxc6 Bxc6 7. Nc3 Nf6 8. Bg5 e5 9. Qd3 Be7 10. 0-0-0 0-0 11. Kb1 Qa5 12. Bxf6 Bxf6 13. Qxd6 Rfd8 14. Qa3 Qxa3 15. bxa3 Kf8 16. Kb2 b5 17. Nd5 Bxd5 18. exd5 e4+ 19. Nd4 Rxd5 20. c3 Rad8 21. Rhe1 Bxd4 22. cxd4 Rxd4 23. Rxd4 Rxd4 24. Kb3 Rc4 25. Rd1 Ke7 26. Rd5 a6 27. g3 g6 28. h4 f5 29. Rd2 h6 30. Rd1 g5 31. hxg5 hxg5 32. Rd5 Ke6 33. Rd8 f4 34. gxf4 gxf4 35. Ra8 Ra4 36. Kc3 Rxa3+ 37. Kd4 Ra4+ 38. Kc3 Rxa2 39. Kd4 Ra4+ 40. Kc3 Kf5 41. Rg8 e3 42. fxe3 fxe3 43. Kd3 Ra3+ 44. Ke2 Ke5 45. Re8+ Kd5 46. Rd8+ Kc5 47. Rc8+ Kb4 48. Rd8 Ka4 49. Rd4+ b4 50. Re4 a5 51. Rd4 Rc3 52. Rd5 b3 53. Rd4+ Ka3 54. Rd5 a4 55. Rf5 b2 56. Rg5 b1Q 57. Rg1 Qd3+ 58. Kf3 0-1

[Event "Pan American Intercollegiate-chT"]
[Site "Dulles"]
[Date "2022.01.07"]
[Round "2.1"]
[White "Quesada Perez, Yuniesky"]
[Black "Hullahalli, Adarsh"]
[Result "1-0"]
[WhiteElo "2600"]
[BlackElo "1910"]
[PlyCount "47"]
[EventDate "2022.01.06"]
[EventType "team-swiss"]
[EventRounds "6"]
[EventCountry "USA"]
[SourceTitle "EXT 2023"]
[Source "ChessBase"]
[SourceDate "2022.10.05"]
[SourceVersion "1"]
[SourceVersionDate "2022.10.05"]
[SourceQuality "1"]
[WhiteTeam "Webster Univ II"]
[BlackTeam "Texas Austin Univ II"]
[WhiteTeamCountry "USA"]
[BlackTeamCountry "USA"]

1. e4 c5 2. Nf3 d6 3. d4 cxd4 4. Nxd4 Nf6 5. Nc3 g6 6. Be3 Bg7 7. f3 0-0 8. Qd2 Nc6 9. 0-0-0 d5 10. Nxc6 bxc6 11. Bc4 Qc7 12. exd5 cxd5 13. Bxd5 Rb8 14. Bb3 Ba6 15. Bf4 Qb7 16. Bxb8 Rxb8 17. Kb1 Bc4 18. Qf4 Be6 19. Rd2 Nd7 20. Rhd1 Be5 21. Qe4 Qb6 22. Rxd7 Bxc3 23. bxc3 Bxd7 24. Rxd7 1-0

[Event "Titled Tuesday intern op 26th Jan"]
[Site "Chess.com INT"]
[Date "2021.01.26"]
[Round "3"]
[White "Hullahalli, Adarsh"]
[Black "Kahlert, Thomas"]
[Result "1-0"]
[WhiteElo "1910"]
[BlackElo "2155"]
[PlyCount "51"]
[EventDate "2021.01.26"]
[EventType "swiss (blitz)"]
[EventRounds "11"]
[EventCountry "USA"]
[SourceTitle "CBM 200 Extra"]
[Source "ChessBase"]
[SourceDate "2021.03.31"]
[SourceVersion "1"]
[SourceVersionDate "2021.03.31"]
[SourceQuality "1"]

1. e4 e5 2. Nf3 Nc6 3. Bc4 Nf6 4. d4 exd4 5. Ng5 d5 6. exd5 Qe7+ 7. Qe2 Ne5 8. Bb3 h6 9. Ne4 Bf5 10. Nxf6+ gxf6 11. 0-0 0-0-0 12. a4 d3 13. Qe3 dxc2 14. Nc3 Kb8 15. Nb5 Qc5 16. Qf4 Bg6 17. Be3 Qe7 18. Nxa7 Ka8 19. a5 Nd3 20. Qd4 Qc5 21. Qa4 Qb4 22. Nc6 Qxa4 23. Bxa4 bxc6 24. Bxc6+ Kb8 25. a6 Rxd5 26. a7+ 1-0

[Event "Titled Tuesday intern op 29th Dec"]
[Site "Chess.com INT"]
[Date "2020.12.29"]
[Round "3"]
[White "Ustinov, Alexey"]
[Black "Hullahalli, Adarsh"]
[Result "0-1"]
[WhiteElo "2286"]
[BlackElo "1910"]
[PlyCount "90"]
[EventDate "2020.12.29"]
[EventType "swiss (blitz)"]
[EventRounds "11"]
[EventCountry "USA"]
[SourceTitle "CBM 200 Extra"]
[Source "ChessBase"]
[SourceDate "2021.03.31"]
[SourceVersion "1"]
[SourceVersionDate "2021.03.31"]
[SourceQuality "1"]

1. d4 Nf6 2. Nf3 e6 3. Bf4 d5 4. e3 Bd6 5. Ne5 0-0 6. Nd2 c5 7. c3 Nc6 8. Ndf3 Ne4 9. Bd3 f6 10. Nxc6 bxc6 11. Bxd6 Qxd6 12. Bxe4 dxe4 13. Nd2 f5 14. dxc5 Qxc5 15. Nb3 Qb6 16. Qd4 Ba6 17. 0-0-0 Bd3 18. Qxb6 axb6 19. a3 e5 20. g3 f4 21. exf4 exf4 22. Rd2 c5 23. Kd1 c4 24. Nd4 e3 25. fxe3 fxe3 26. Rg2 Rad8 27. Re1 Rf2 28. Reg1 e2+ 29. Kd2 Rdf8 30. Rxf2 Rxf2 31. Re1 Rxh2 32. Nxe2 Bxe2 33. Rxe2 Rxe2+ 34. Kxe2 g5 35. a4 h5 36. Ke3 Kf7 37. Kd4 Ke6 38. Ke4 h4 39. gxh4 gxh4 40. Kf4 Kd5 41. Kg4 Ke4 42. Kxh4 Kd3 43. Kg5 Kc2 44. Kf5 Kxb2 45. a5 bxa5 0-1

[Event "North American op 27th"]
[Site "Las Vegas"]
[Date "2017.12.26"]
[Round "1"]
[White "Atoufi, Pedram"]
[Black "Hullahalli, Adarsh"]
[Result "1/2-1/2"]
[WhiteElo "2284"]
[BlackElo "1901"]
[PlyCount "44"]
[EventDate "2017.12.26"]
[EventType "swiss"]
[EventRounds "9"]
[EventCountry "USA"]
[SourceTitle "CBM 182 Extra"]
[Source "ChessBase"]
[SourceDate "2018.02.23"]
[SourceVersion "1"]
[SourceVersionDate "2018.02.23"]
[SourceQuality "1"]

1. e4 c5 2. Nf3 d6 3. c3 Nf6 4. Bd3 Nc6 5. Bc2 g6 6. 0-0 Bg7 7. d4 0-0 8. dxc5 dxc5 9. Qe2 Qc7 10. Re1 b6 11. e5 Nd5 12. c4 Ndb4 13. Be4 Bg4 14. Bf4 Rad8 15. Bxc6 Qxc6 16. Nc3 Nd3 17. Nd5 Nxf4 18. Nxf4 Bxf3 19. gxf3 e6 20. Rad1 Qc7 21. Rxd8 Rxd8 22. Ng2 Qd7 1/2-1/2